IRSG: Guiding the rubber world (Record no. 61690)

MARC details
000 -LEADER
fixed length control field 00301nam a2200121Ia 4500
100 ## - MAIN ENTRY--AUTHOR NAME
Personal name Evans VStephen
245 #0 - TITLE STATEMENT
Title IRSG: Guiding the rubber world
260 ## - PUBLICATION, DISTRIBUTION, ETC. (IMPRINT)
Name of publisher International Rubber Journal
Year of publication 2013
300 ## - PHYSICAL DESCRIPTION
Number of Pages 14-21
650 ## - SUBJECT ADDED ENTRY--TOPICAL TERM
Topical Term Rubber
942 ## - ADDED ENTRY ELEMENTS (KOHA)
Koha item type Journals
Holdings
Withdrawn status Lost status Damaged status Not for loan Home library Current library Shelving location Date acquired Serial Enumeration / chronology Koha item type
      Journals RRII Library RRII Library Rubber general 29/07/2013 Volume 153, Issue Journals